| 000 | 00858nam a2200205 a 4500 | ||
|---|---|---|---|
| 001 | 55951 | ||
| 003 | BD-RjUL | ||
| 005 | 20211209080333.0 | ||
| 008 | 161128s1990 bg ||||| |||| 000 0 eng d | ||
| 035 | _a(BD-RjUL)56075 | ||
| 040 |
_aBD-RjUL _beng _cBD-RjUL _dBD-RjUL |
||
| 041 | _aeng | ||
| 082 |
_223 _a630.7 _bBAS 1990 |
||
| 110 |
_aBāṃlādeśa Kr̥shi Gabeshaṇā Kāunsila. _9167430 |
||
| 245 | 0 | 0 |
_aStrategic plan for national agricultural research to the year 2000 / _cBāṃlādeśa Kr̥shi Gabeshaṇā Kāunsila. |
| 260 |
_aBangladesh : _bBangladesh Agricultural Research Council, _c1990. |
||
| 300 |
_avi,83 p. ; _c22 cm. |
||
| 650 |
_aNational agricultural research systems -- Bangladesh -- Planning. _9166550 _vAgriculture -- Research -- Bangladesh -- Planning. _xAgrarwissenschaft -- Agrarpolitik -- Prognose -- Bangladesch. |
||
| 942 |
_2ddc _cBK |
||
| 999 |
_c55951 _d55951 |
||